000 01481nam0a22003611 4500
001 v19\rc\1922426
005 20251118180650.7
035 _a(NLR Aleph) 005008889
090 _a6466105
_c6466105
100 _a20080404d1912 |||y0rusy50 ca
101 1 _arus
_cger
102 _aRU
105 _ay z |||||
200 1 _aНищий богач
_eОперетта в 1 д.
_e[Либретто]
_fПеределка с нем. П.Б. Зенкевича [оперетты К. Вельцеля и Р. Женэ: Der Bettelstudent]
_gМуз. К. Миллекера
210 _aСанкт-Петербург
_cтип. т-ва "Екатерингоф. печ. дело"
_d1912
215 _a16 с.
_d27
225 1 _aБиблиотека одноактных оперетт
_v№ 10
309 _aНапеч. на пиш. маш. Литогр.
500 1 0 _6z01702
_aDer Bettelstudent
700 1 _aЗенкевич
_bП. Б.
_gПавел Болеславович
702 1 _6z01500
_aВельцель
_bК.
_f1829-1895
_gКамилло
_4570
702 1 _6z01500
_aЖене
_bР.
_f1823-1895
_gРихард
_3RU\NLR\AUTH\77106553
_4570
702 1 _aМиллекер
_bК.
_f1842-1899
_gКарл
_4230
801 0 _aRU
_bNLR
_gpsbo
801 0 _aRU
_bRuMoRGB
_2psbo
801 1 _aRU
_bProSoft-M
_2rusmarc
801 2 _aRU
_bNLR
_c20170330
_2rusmarc
852 _aNLR
_j34.102.7.17(№ 10)
899 _aRuMoRGB
_jV 116/909 (№ 10)
899 _aБАН
942 _cBOOK
980 _aNB